Kapitálové investície a ekonomický rast v SR (v rokoch 1995-2007)
Investície ako reálna kapitálová hodnota. Reálny a potenciálny kapitál. Tvorba hrubého fixného kapitálu. Miera investícií. Miera hrubého fixného kapitálu a pridanej hodnoty v odvetviach SR. Ekonomický vývoj a tvorba pridanej hodnoty.
Salvato in:
| Autore principale: | |
|---|---|
| Natura: | Capitolo di libro |
| Lingua: | slovacco |
| Soggetti: | |
| Tags: |
Nessun Tag, puoi essere il primo ad aggiungerne!!
|
MARC
| LEADER | 00000naa$a2200000$$$4500 | ||
|---|---|---|---|
| 001 | 0091716 | ||
| 005 | 20231116085317.3 | ||
| 041 | 0 | |a slo | |
| 044 | |a SK | ||
| 245 | 1 | 0 | |a Kapitálové investície a ekonomický rast v SR (v rokoch 1995-2007) |c Eva Ivanová |
| 520 | |a Investície ako reálna kapitálová hodnota. Reálny a potenciálny kapitál. Tvorba hrubého fixného kapitálu. Miera investícií. Miera hrubého fixného kapitálu a pridanej hodnoty v odvetviach SR. Ekonomický vývoj a tvorba pridanej hodnoty. | ||
| 610 | 2 | 0 | |a investície kapitálové |
| 610 | 2 | 0 | |a tvorba kapitálu |
| 610 | 2 | 0 | |a rast hospodársky |
| 610 | 2 | 0 | |a Slovensko |
| 610 | 2 | 0 | |a výkonnosť ekonomiky |
| 610 | 2 | 0 | |a stabilita hospodárstva |
| 100 | 1 | |a Ivanová, Eva | |